Normal view
MARC view
- Ross, Keith, W
Entry Corporate Name
001 - CONTROL NUMBER
- control field: 111625
003 - CONTROL NUMBER IDENTIFIER
- control field: NUST
005 - DATE AND TIME OF LATEST TRANSACTION
- control field: 20230331093254.0
008 - FIXED-LENGTH DATA ELEMENTS
- fixed length control field: 230331|| aca||aabn | a|a d
040 ## - CATALOGING SOURCE
- Original cataloging agency: NUST
- Transcribing agency: NUST
110 ## - HEADING--CORPORATE NAME
- Corporate name or jurisdiction name as entry element: Ross, Keith, W
670 ## - SOURCE DATA FOUND
- Source citation: Work cat.: (NUST): Kurose, James, F. 17964, Computer Networking, 2016.
